[Event "5. Aberto Internacional Carlos I"]
[Site "Sanxenxo ESP"]
[Date "2013.06.24"]
[Round "3.6"]
[White "Nohr, Finn"]
[Black "Santos Latasa, Jaime"]
[Result "1/2-1/2"]
[WhiteElo "2100"]
[BlackElo "2418"]
[PlyCount "214"]
[EventDate "2013.06.22"]
[EventType "swiss"]
[EventRounds "9"]
[EventCountry "ESP"]
[Source "lmi"]
[SourceDate "2013.06.22"]

1. e4 e5 2. Nf3 Nc6 3. Bb5 a6 4. Ba4 Nf6 5. d3 b5 6. Bb3 Be7 7. O-O d6 8. c3
O-O 9. Nbd2 Bb7 10. Re1 Na5 11. Bc2 c5 12. Nf1 Re8 13. Ng3 g6 14. h3 Nc6 15.
Nh2 d5 16. Qf3 dxe4 17. dxe4 c4 18. Ng4 Nxg4 19. Qxg4 Bc8 20. Qf3 Be6 21. Rd1
Qc7 22. Nf5 Rad8 23. Nxe7+ Qxe7 24. Be3 Rxd1+ 25. Rxd1 Rd8 26. Qe2 Rxd1+ 27.
Qxd1 Qd8 28. Qxd8+ Nxd8 29. h4 f6 30. f3 Kf7 31. Kf2 Nc6 32. Bc5 Ke8 33. g3 Kd7
34. Bd1 Ne7 35. f4 Nc8 36. h5 Nd6 37. Ke3 Kc6 38. Bxd6 Kxd6 39. hxg6 hxg6 40.
Bf3 Kc5 41. a3 a5 42. Bd1 Bh3 43. Kf2 Be6 44. Ke3 Bd7 45. Bf3 b4 46. axb4+ axb4
47. Bd1 Kb5 48. Kd2 Bc6 49. Ke3 Kc5 50. Bg4 Ba4 51. Kd2 Bc6 52. Ke3 bxc3 53.
bxc3 Ba4 54. Kd2 Kd6 55. Be2 Bb3 56. Bg4 Ba4 57. Be2 Bb5 58. Bg4 Bd7 59. Be2
Kc5 60. Ke3 Be6 61. Bd1 Bh3 62. Kf2 Bd7 63. Ke3 Kb5 64. Be2 Be6 65. Bd1 Ka5 66.
Kf3 Bd7 67. Be2 Bb5 68. Bd1 Bc6 69. Ke3 Ba4 70. Be2 Bb3 71. fxe5 fxe5 72. Kf3
Ka4 73. Kg4 Ka3 74. Kg5 Kb2 75. Kf6 Kxc3 76. Kxe5 Bc2 77. Kd5 Bd3 78. Bd1 Kd2
79. Ba4 c3 80. e5 Bb5 81. Bb3 g5 82. e6 g4 83. Ke5 Ke3 84. Bd1 Bc4 85. e7 Bb5
86. Kf5 Bd7+ 87. Kg5 Kf2 88. Bxg4 c2 89. Bxd7 c1=Q+ 90. Kf6 Qc3+ 91. Ke6 Qb3+
92. Kf6 Qc3+ 93. Ke6 Qe3+ 94. Kf6 Qd4+ 95. Ke6 Qg4+ 96. Kd6 Qxg3+ 97. Ke6 Qb3+
98. Kf6 Qc3+ 99. Ke6 Qc4+ 100. Kd6 Qd4+ 101. Ke6 Qg4+ 102. Kd6 Qg6+ 103. Kc7
Qg3+ 104. Kc6 Qc3+ 105. Kd5 Qb3+ 106. Kd6 Qb6+ 107. Kd5 Qb3+ 1/2-1/2

[Event "5. Aberto Internacional Carlos I"]
[Site "Sanxenxo ESP"]
[Date "2013.06.24"]
[Round "3.7"]
[White "Guerra Bastida, Diego"]
[Black "Nedobora, Gregori"]
[Result "1-0"]
[WhiteElo "2374"]
[BlackElo "2089"]
[PlyCount "51"]
[EventDate "2013.06.22"]
[EventType "swiss"]
[EventRounds "9"]
[EventCountry "ESP"]
[Source "lmi"]
[SourceDate "2013.06.22"]

1. e4 c5 2. Nf3 d6 3. d4 cxd4 4. Nxd4 Nf6 5. Nc3 a6 6. Be3 e6 7. Qd2 b5 8. f3
Bb7 9. g4 Nfd7 10. a4 b4 11. Na2 d5 12. exd5 Bxd5 13. Nxb4 Bb7 14. O-O-O Qa5
15. c3 Bxb4 16. cxb4 Qxa4 17. Kb1 Bd5 18. Bd3 O-O 19. Qc3 Ba2+ 20. Kc1 Nf6 21.
Bc2 Qd7 22. Nf5 Qb7 23. Nxg7 Qxf3 24. Nh5 Nbd7 25. Rhf1 Rac8 26. Rxf3 1-0

[Event "5. Aberto Internacional Carlos I"]
[Site "Sanxenxo ESP"]
[Date "2013.06.24"]
[Round "3.8"]
[White "Pena Torres, Jose Carlos"]
[Black "Garcia Castro, Pablo"]
[Result "0-1"]
[WhiteElo "2087"]
[BlackElo "2354"]
[PlyCount "78"]
[EventDate "2013.06.22"]
[EventType "swiss"]
[EventRounds "9"]
[EventCountry "ESP"]
[Source "lmi"]
[SourceDate "2013.06.22"]

1. e4 d6 2. d4 Nf6 3. Nd2 g6 4. Ngf3 Bg7 5. Bd3 O-O 6. O-O Nfd7 7. c3 Nc6 8. a4
e5 9. d5 Ne7 10. a5 f5 11. c4 Nf6 12. Qc2 Bh6 13. b4 Kh8 14. Bb2 f4 15. c5 g5
16. Rfc1 g4 17. cxd6 cxd6 18. Nxe5 dxe5 19. Bxe5 Ng6 20. Bc7 Qe7 21. d6 Qe8 22.
e5 Nxe5 23. Re1 Qh5 24. d7 Nfxd7 25. Be4 a6 26. Bd6 Rf6 27. Qc7 g3 28. fxg3
fxg3 29. Nf1 Rxf1+ 30. Kxf1 gxh2 31. Bxe5+ Qxe5 32. Qd8+ Kg7 33. Qh4 Qf4+ 34.
Qxf4 h1=Q+ 35. Kf2 Qxe1+ 36. Rxe1 Bxf4 37. Bxb7 Bxb7 38. Re7+ Kg8 39. Rxd7 Bc6
0-1

[Event "5. Aberto Internacional Carlos I"]
[Site "Sanxenxo ESP"]
[Date "2013.06.24"]
[Round "3.9"]
[White "Yakunin, Alexey"]
[Black "Abal Cores, Lucas"]
[Result "0-1"]
[WhiteElo "2353"]
[BlackElo "2076"]
[PlyCount "60"]
[EventDate "2013.06.22"]
[EventType "swiss"]
[EventRounds "9"]
[EventCountry "ESP"]
[Source "lmi"]
[SourceDate "2013.06.22"]

1. d4 d5 2. c4 e6 3. Nf3 Nf6 4. g3 Be7 5. Bg2 O-O 6. O-O c6 7. Nbd2 Nbd7 8. Qc2
b6 9. e4 Bb7 10. e5 Ne8 11. cxd5 cxd5 12. Re1 Rc8 13. Qa4 a6 14. Nf1 b5 15. Qd1
Nb6 16. b3 b4 17. h4 Nc7 18. N3h2 Nb5 19. Qg4 Kh8 20. Nf3 a5 21. Bg5 a4 22. Ne3
axb3 23. axb3 Rc3 24. Rab1 f5 25. exf6 gxf6 26. Bh6 Rg8 27. Qh3 Bc8 28. Qh1 Bd6
29. Bf1 Na3 30. Rb2 Rg6 0-1

[Event "5. Aberto Internacional Carlos I"]
[Site "Sanxenxo ESP"]
[Date "2013.06.24"]
[Round "3.10"]
[White "Leranoz Zabalza, Adrian"]
[Black "Sanchez Aller, Fernando"]
[Result "1-0"]
[WhiteElo "2076"]
[BlackElo "2335"]
[PlyCount "79"]
[EventDate "2013.06.22"]
[EventType "swiss"]
[EventRounds "9"]
[EventCountry "ESP"]
[Source "lmi"]
[SourceDate "2013.06.22"]

1. c4 b6 2. Nc3 e6 3. Nf3 Bb7 4. b3 f5 5. Bb2 Nf6 6. e3 Be7 7. Be2 O-O 8. O-O
Qe8 9. d4 Qg6 10. d5 Na6 11. Ne5 Qe8 12. Bf3 Qc8 13. dxe6 dxe6 14. Nc6 Bxc6 15.
Bxc6 Rb8 16. a3 Rd8 17. Qc2 Rd6 18. Bf3 c6 19. e4 Rd8 20. exf5 exf5 21. Rad1
Rxd1 22. Rxd1 Nc5 23. b4 Nb7 24. Ne2 Nd8 25. Nd4 f4 26. Nf5 Qe6 27. Nxe7+ Qxe7
28. Qf5 Nf7 29. Bxc6 Rd8 30. Rxd8+ Nxd8 31. Bd5+ Nxd5 32. Qxd5+ Ne6 33. c5 bxc5
34. bxc5 Kf7 35. c6 Ke8 36. Bxg7 f3 37. Be5 fxg2 38. Bd6 Qf6 39. Bg3 Qf7 40. c7
1-0

[Event "5. Aberto Internacional Carlos I"]
[Site "Sanxenxo ESP"]
[Date "2013.06.25"]
[Round "4.1"]
[White "Garcia Castro, Pablo"]
[Black "Aagaard, Jacob"]
[Result "1/2-1/2"]
[WhiteElo "2354"]
[BlackElo "2519"]
[PlyCount "63"]
[EventDate "2013.06.22"]
[EventType "swiss"]
[EventRounds "9"]
[EventCountry "ESP"]
[Source "lmi"]
[SourceDate "2013.06.22"]

1. g3 d5 2. Nf3 Bg4 3. Bg2 Nd7 4. c4 e6 5. cxd5 exd5 6. Qb3 Nc5 7. Qc2 Bxf3 8.
Bxf3 c6 9. O-O Be7 10. d3 Nf6 11. Nd2 O-O 12. Bg2 Re8 13. Nf3 Bf8 14. e3 a5 15.
Bd2 Qb6 16. Bc3 Nfd7 17. Bh3 Qa6 18. Rfd1 Rad8 19. b3 Ne6 20. Bb2 a4 21. Bc3 a3
22. Rab1 Nc7 23. Bf1 Nb5 24. Ba1 Qa5 25. Nd4 Nxd4 26. Bxd4 Bb4 27. Rbc1 Ne5 28.
Bg2 h5 29. h3 Qb5 30. Ba1 g6 31. Bf1 Qa5 32. Bg2 1/2-1/2

[Event "5. Aberto Internacional Carlos I"]
[Site "Sanxenxo ESP"]
[Date "2013.06.25"]
[Round "4.2"]
[White "Strikovic, Aleksa"]
[Black "Pazos Porta, Antonio"]
[Result "1-0"]
[WhiteElo "2504"]
[BlackElo "2334"]
[PlyCount "89"]
[EventDate "2013.06.22"]
[EventType "swiss"]
[EventRounds "9"]
[EventCountry "ESP"]
[Source "lmi"]
[SourceDate "2013.06.22"]

1. d4 Nf6 2. g3 g6 3. Bg2 d5 4. Nf3 Bg7 5. c4 c6 6. cxd5 cxd5 7. O-O O-O 8. Ne5
b6 9. Nc3 Bb7 10. Qa4 Ne4 11. Be3 a6 12. Rac1 e6 13. Nxe4 dxe4 14. Qc2 f5 15.
Qc7 Qxc7 16. Rxc7 Bd5 17. f3 Bxe5 18. dxe5 Nc6 19. Bh6 exf3 20. Bxf3 Rac8 21.
Rg7+ Kh8 22. Bxd5 exd5 23. Rd7 Rfd8 24. e6 Rxd7 25. exd7 Rd8 26. Rc1 Ne7 27.
Rc7 Kg8 28. Be3 Kf7 29. Bxb6 Ke6 30. Bc5 Rxd7 31. Rxd7 Kxd7 32. Bxe7 Kxe7 33.
Kf2 Kd6 34. Ke3 Kc5 35. Kd3 a5 36. e3 g5 37. Kc3 h6 38. b3 d4+ 39. exd4+ Kd5
40. Kd3 h5 41. a3 f4 42. gxf4 gxf4 43. b4 axb4 44. axb4 f3 45. b5 1-0

[Event "5. Aberto Internacional Carlos I"]
[Site "Sanxenxo ESP"]
[Date "2013.06.25"]
[Round "4.3"]
[White "Gomez Dieguez, David"]
[Black "Lariño Nieto, David"]
[Result "0-1"]
[WhiteElo "2101"]
[BlackElo "2501"]
[PlyCount "88"]
[EventDate "2013.06.22"]
[EventType "swiss"]
[EventRounds "9"]
[EventCountry "ESP"]
[Source "lmi"]
[SourceDate "2013.06.22"]

1. e4 e5 2. Nc3 Nc6 3. Bc4 Nf6 4. d3 Bc5 5. Bg5 h6 6. Bh4 d6 7. Nf3 g5 8. Bg3
Bg4 9. h3 Bh5 10. Bh2 Bxf3 11. Qxf3 Nd4 12. Qd1 c6 13. a3 b5 14. Ba2 h5 15. Ne2
Nxe2 16. Qxe2 h4 17. O-O-O Qb6 18. Kb1 b4 19. a4 Bd4 20. g3 b3 21. Bxb3 Nd7 22.
f3 hxg3 23. Bg1 Nf6 24. Qg2 Nh5 25. Bxd4 Qxd4 26. h4 Ke7 27. hxg5 Rag8 28. f4
exf4 29. e5 d5 30. Qf3 Rxg5 31. Rdg1 Ng7 32. Rxh8 Qxg1+ 33. Ka2 Qe3 34. Qh1
Qxe5 35. Ra8 Nh5 36. d4 Qxd4 37. Qe1+ Kf6 38. Qe8 g2 39. Qd8+ Kg6 40. c3 Qe4
41. Qd6+ Kf5 42. Qd7+ Qe6 43. Bc2+ Kg4 44. Qxa7 c5 0-1

[Event "5. Aberto Internacional Carlos I"]
[Site "Sanxenxo ESP"]
[Date "2013.06.25"]
[Round "4.4"]
[White "Paunovic, Dragan"]
[Black "Leranoz Zabalza, Adrian"]
[Result "1-0"]
[WhiteElo "2495"]
[BlackElo "2076"]
[PlyCount "47"]
[EventDate "2013.06.22"]
[EventType "swiss"]
[EventRounds "9"]
[EventCountry "ESP"]
[Source "lmi"]
[SourceDate "2013.06.22"]

1. Nf3 Nf6 2. g3 b6 3. Bg2 Bb7 4. O-O e6 5. c4 Be7 6. d4 O-O 7. Nc3 Ne4 8. Qc2
Nxc3 9. Qxc3 c5 10. Be3 Bf6 11. Qd3 Nc6 12. dxc5 Bxb2 13. Rab1 Bf6 14. Rfd1 d5
15. cxd5 exd5 16. Qxd5 Qxd5 17. Rxd5 Nb4 18. Rd7 Bc8 19. Rd2 Bc3 20. a3 Na6 21.
cxb6 Bf5 22. b7 Rad8 23. Rxd8 Rxd8 24. Rf1 1-0

[Event "5. Aberto Internacional Carlos I"]
[Site "Sanxenxo ESP"]
[Date "2013.06.25"]
[Round "4.5"]
[White "Abal Cores, Lucas"]
[Black "Guerra Bastida, Diego"]
[Result "1/2-1/2"]
[WhiteElo "2076"]
[BlackElo "2374"]
[PlyCount "210"]
[EventDate "2013.06.22"]
[EventType "swiss"]
[EventRounds "9"]
[EventCountry "ESP"]
[Source "lmi"]
[SourceDate "2013.06.22"]

1. e4 d6 2. d4 Nf6 3. Nc3 g6 4. Nf3 Bg7 5. Bc4 O-O 6. O-O Nxe4 7. Nxe4 d5 8.
Bxd5 Qxd5 9. Nc3 Qh5 10. Ne5 Qxd1 11. Rxd1 Na6 12. Be3 Bf5 13. Rd2 Rfd8 14. f4
Nb4 15. Rc1 c6 16. a3 Nd5 17. Nd1 Nxe3 18. Nxe3 Be4 19. Rcd1 h5 20. Kf2 f6 21.
Nf3 Rd7 22. c3 Rad8 23. Re1 Bxf3 24. Kxf3 e5 25. Red1 exd4 26. cxd4 f5 27. d5
c5 28. b4 b6 29. bxc5 bxc5 30. Nc4 Bd4 31. d6 Re8 32. Rb1 Kf7 33. a4 Bf6 34.
Rb5 Bd4 35. Rd1 Re4 36. a5 Ke6 37. a6 Kd5 38. Rb7 Rd8 39. Rc1 Rxd6 40. Rxa7
Rde6 41. Rd7+ Kc6 42. Rd8 Re8 43. Rxe8 Rxe8 44. Rb1 Ra8 45. Rb6+ Kd5 46. Na5 c4
47. Rb5+ Ke6 48. Nc6 Bg1 49. Ra5 Kd6 50. Ne5 c3 51. Nc4+ Kc6 52. Ke2 Bxh2 53.
Kd3 Bxf4 54. Kxc3 Bc7 55. Ra2 h4 56. Kd4 Rd8+ 57. Ke3 Kb5 58. a7 Ra8 59. Na3+
Kb4 60. Nb1 Bb6+ 61. Kf4 Bxa7 62. Rb2+ Kc4 63. Kg5 Bd4 64. Rc2+ Kd3 65. Rd2+
Ke3 66. Kxg6 Rb8 67. Rd1 Rg8+ 68. Kxf5 Rxg2 69. Rh1 Rf2+ 70. Kg4 Bf6 71. Re1+
Kd3 72. Kh3 Rf3+ 73. Kh2 h3 74. Re6 Bg5 75. Re1 Bf4+ 76. Kh1 Rf2 77. Na3 Rh2+
78. Kg1 Rg2+ 79. Kh1 Rb2 80. Rf1 Be3 81. Rf3 Rb3 82. Rxh3 Rxa3 83. Kg2 Ke2 84.
Rh5 Ra1 85. Re5 Rg1+ 86. Kh2 Rg8 87. Rf5 Kd3 88. Rf7 Ke4 89. Kh3 Bf4 90. Kh4
Kf3 91. Kh5 Rg5+ 92. Kh6 Ra5+ 93. Kg6 Kg4 94. Rb7 Ra6+ 95. Kf7 Kf5 96. Ke7 Bd6+
97. Kd7 Be5 98. Rb5 Ra7+ 99. Kc6 Ke6 100. Rb1 Rc7+ 101. Kb6 Rc8 102. Rd1 Rc2
103. Kb5 Re2 104. Kc4 Rc2+ 105. Kb5 Bg3 1/2-1/2

[Event "5. Aberto Internacional Carlos I"]
[Site "Sanxenxo ESP"]
[Date "2013.06.25"]
[Round "4.6"]
[White "Santos Latasa, Jaime"]
[Black "Sakulski, Bernard"]
[Result "1-0"]
[WhiteElo "2418"]
[BlackElo "2046"]
[PlyCount "55"]
[EventDate "2013.06.22"]
[EventType "swiss"]
[EventRounds "9"]
[EventCountry "ESP"]
[Source "lmi"]
[SourceDate "2013.06.22"]

1. Nf3 Nf6 2. g3 g6 3. Bg2 Bg7 4. O-O O-O 5. d4 d6 6. c4 Nbd7 7. Nc3 e5 8. e4
exd4 9. Nxd4 Re8 10. Re1 Ne5 11. b3 a6 12. h3 c5 13. Nc2 Rb8 14. Bb2 b5 15. f4
Ned7 16. cxb5 Nh5 17. Kh2 axb5 18. Qxd6 g5 19. Qd1 Nxg3 20. Qg4 gxf4 21. Rad1
h5 22. Qf3 Qh4 23. Bc1 Be5 24. Nd5 Nf6 25. Nxf6+ Qxf6 26. Rd5 Bb7 27. Rxe5 Qxe5
28. Qxf4 1-0

[Event "5. Aberto Internacional Carlos I"]
[Site "Sanxenxo ESP"]
[Date "2013.06.25"]
[Round "4.7"]
[White "Rodriguez Lopez, Rafael"]
[Black "Nohr, Finn"]
[Result "1-0"]
[WhiteElo "2251"]
[BlackElo "2100"]
[PlyCount "57"]
[EventDate "2013.06.22"]
[EventType "swiss"]
[EventRounds "9"]
[EventCountry "ESP"]
[Source "lmi"]
[SourceDate "2013.06.22"]

1. e4 e5 2. Nf3 Nc6 3. d4 exd4 4. Nxd4 Nf6 5. Nxc6 bxc6 6. e5 Qe7 7. Qe2 Nd5 8.
c4 Nb6 9. Nc3 a5 10. Qe4 Qb4 11. a3 Qb3 12. Nb1 Na4 13. Nd2 Nc5 14. Qb1 Qb6 15.
Be2 Be7 16. O-O O-O 17. Bd1 f6 18. Bc2 h6 19. Nf3 fxe5 20. Bh7+ Kh8 21. Nxe5
Rf6 22. Be3 Bd6 23. Bd4 Bxe5 24. Bxe5 Re6 25. Bd4 d6 26. Bf5 Re8 27. Bxc8 Raxc8
28. Qg6 Rg8 29. Qxh6# 1-0

[Event "5. Aberto Internacional Carlos I"]
[Site "Sanxenxo ESP"]
[Date "2013.06.25"]
[Round "4.8"]
[White "Iagar, Razvan-Gabriel"]
[Black "Bello Filgueira, Joaquin Anton"]
[Result "1-0"]
[WhiteElo "2190"]
[BlackElo "1859"]
[PlyCount "119"]
[EventDate "2013.06.22"]
[EventType "swiss"]
[EventRounds "9"]
[EventCountry "ESP"]
[Source "lmi"]
[SourceDate "2013.06.22"]

1. d4 Nf6 2. Nf3 e6 3. c4 b6 4. g3 Bb7 5. Bg2 Be7 6. O-O O-O 7. Nc3 d6 8. Qc2
Nbd7 9. e4 e5 10. Rd1 Qb8 11. b3 c5 12. dxe5 Nxe5 13. Nxe5 dxe5 14. Bb2 Bc6 15.
Qe2 Re8 16. Nd5 Bxd5 17. cxd5 Bd6 18. a4 a6 19. f3 Qa7 20. Kh1 Rad8 21. Bf1 Ra8
22. Qd3 h6 23. Bg2 Rad8 24. Rf1 a5 25. Rae1 Qc7 26. Re2 Nh7 27. Bc1 Nf8 28. f4
f6 29. Bh3 Re7 30. Qf3 Rde8 31. f5 Nh7 32. Bg2 Rc8 33. Rc2 Qd8 34. Qe2 Rb7 35.
Rf2 Rcb8 36. Qg4 Kh8 37. Bf1 Qe7 38. h4 Rg8 39. Rh2 Rd8 40. Qf3 Rf8 41. Rcg2
Qd8 42. Bc4 Rd7 43. Be3 Be7 44. Qd1 Rd6 45. Qc1 Kg8 46. Qd1 Kh8 47. Bb5 Rg8 48.
Qh5 Rf8 49. g4 Kg8 50. Rh3 Kh8 51. g5 fxg5 52. hxg5 Rg8 53. gxh6 Qf8 54. hxg7+
Rxg7 55. Bh6 Rxh6 56. Qxh6 Rf7 57. Qxf8+ Bxf8 58. Be8 Rg7 59. Bg6 Be7 60. Rgh2
1-0

[Event "5. Aberto Internacional Carlos I"]
[Site "Sanxenxo ESP"]
[Date "2013.06.25"]
[Round "4.9"]
[White "Segura Santos, Luis"]
[Black "Khamrakulov, Ibragim S"]
[Result "1/2-1/2"]
[WhiteElo "2010"]
[BlackElo "2484"]
[PlyCount "84"]
[EventDate "2013.06.22"]
[EventType "swiss"]
[EventRounds "9"]
[EventCountry "ESP"]
[Source "lmi"]
[SourceDate "2013.06.22"]

1. e4 c5 2. Nf3 e6 3. d4 cxd4 4. Nxd4 a6 5. Nc3 Qc7 6. Bd3 b5 7. O-O Bb7 8. Qe2
Nf6 9. Kh1 Nc6 10. Nb3 Be7 11. f4 d6 12. Bd2 O-O 13. Rae1 Nb4 14. Nxb5 axb5 15.
Bxb4 Rxa2 16. c3 e5 17. Qc2 Bc6 18. Ba3 Ra8 19. Qb1 R2xa3 20. bxa3 Rxa3 21.
fxe5 dxe5 22. Rf2 Qa7 23. Rb2 h6 24. Nc1 Ng4 25. Qc2 Ne3 26. Qe2 Bc5 27. Ra2
Kh8 28. Rxa3 Qxa3 29. Na2 f5 30. Nb4 Bxb4 31. cxb4 f4 32. Qd2 Qa8 33. Rc1 Bxe4
34. Bxe4 Qxe4 35. Rc3 Qb1+ 36. Rc1 Qe4 37. Qa2 f3 38. Rc8+ Kh7 39. Qg8+ Kg6 40.
Qe6+ Kg5 41. Qe7+ Kg6 42. Qe6+ Kh7 1/2-1/2

[Event "5. Aberto Internacional Carlos I"]
[Site "Sanxenxo ESP"]
[Date "2013.06.25"]
[Round "4.10"]
[White "Gomez Segade, Pablo"]
[Black "Yakunin, Alexey"]
[Result "0-1"]
[WhiteElo "2014"]
[BlackElo "2353"]
[PlyCount "62"]
[EventDate "2013.06.22"]
[EventType "swiss"]
[EventRounds "9"]
[EventCountry "ESP"]
[Source "lmi"]
[SourceDate "2013.06.22"]

1. d4 Nf6 2. Nf3 g6 3. c4 Bg7 4. Nc3 O-O 5. e4 d6 6. Be2 e5 7. dxe5 dxe5 8. Bg5
Nbd7 9. h3 c6 10. Be3 Qe7 11. O-O Nc5 12. Qc2 Nh5 13. Rfd1 Nf4 14. Bf1 a5 15.
Na4 Nxa4 16. Qxa4 Ne6 17. a3 f5 18. Qc2 a4 19. Bb6 c5 20. exf5 gxf5 21. Qd2 e4
22. Nh2 Nd4 23. Rab1 Ra6 24. Ba5 f4 25. Bc3 e3 26. fxe3 fxe3 27. Qe1 e2 28.
Bxe2 Nxe2+ 29. Kh1 Bxh3 30. Rd3 Bxg2+ 31. Kxg2 Rg6+ 0-1

[Event "5. Aberto Internacional Carlos I"]
[Site "Sanxenxo ESP"]
[Date "2013.06.26"]
[Round "5.1"]
[White "Lariño Nieto, David"]
[Black "Strikovic, Aleksa"]
[Result "0-1"]
[WhiteElo "2501"]
[BlackElo "2504"]
[PlyCount "90"]
[EventDate "2013.06.22"]
[EventType "swiss"]
[EventRounds "9"]
[EventCountry "ESP"]
[Source "lmi"]
[SourceDate "2013.06.22"]

1. e4 d6 2. Nc3 e5 3. f4 exf4 4. Bc4 Nf6 5. Nf3 Nbd7 6. d4 Nb6 7. Bd3 Nh5 8.
Qe2 g6 9. e5 dxe5 10. Nxe5 Be7 11. O-O O-O 12. Kh1 Be6 13. Be4 c6 14. Bf3 Ng7
15. Bxf4 Qxd4 16. Bg4 Nd5 17. Nxd5 cxd5 18. c3 Qe4 19. Qd2 d4 20. cxd4 Rad8 21.
Rad1 Bxg4 22. Nxg4 Ne6 23. d5 h5 24. Bh6 Qxg4 25. Qc3 Bg5 26. Bxf8 Nxf8 27. Qa3
a6 28. Qb3 Rd7 29. Rde1 Be7 30. Re3 Bd6 31. Qc3 Qg5 32. Qd4 Rc7 33. Re2 Rc1 34.
Rfe1 Rc5 35. Rd1 a5 36. Qe4 b5 37. b3 b4 38. Rf2 Rc1 39. Rdf1 Rc7 40. Rf3 Re7
41. Qc4 Nd7 42. Qa6 Qe5 43. g3 Qxd5 44. Qd3 Qc6 45. Qc4 Qb7 0-1

[Event "5. Aberto Internacional Carlos I"]
[Site "Sanxenxo ESP"]
[Date "2013.06.26"]
[Round "5.2"]
[White "Aagaard, Jacob"]
[Black "Paunovic, Dragan"]
[Result "1/2-1/2"]
[WhiteElo "2519"]
[BlackElo "2495"]
[PlyCount "44"]
[EventDate "2013.06.22"]
[EventType "swiss"]
[EventRounds "9"]
[EventCountry "ESP"]
[Source "lmi"]
[SourceDate "2013.06.22"]

1. e4 d6 2. d4 Nf6 3. Nc3 e5 4. Nf3 Nbd7 5. Bc4 Be7 6. a4 O-O 7. O-O c6 8. Re1
a5 9. h3 Nb6 10. Ba2 Nfd7 11. dxe5 dxe5 12. Be3 Qc7 13. Ng5 Bxg5 14. Bxg5 Nc5
15. Be3 Ne6 16. Qh5 Re8 17. Rad1 Nd7 18. Nb1 Nf6 19. Qf3 Qe7 20. Bb6 Nd7 21.
Be3 Nf6 22. Bb6 Nd7 1/2-1/2

[Event "5. Aberto Internacional Carlos I"]
[Site "Sanxenxo ESP"]
[Date "2013.06.26"]
[Round "5.3"]
[White "Rodriguez Lopez, Rafael"]
[Black "Santos Latasa, Jaime"]
[Result "1/2-1/2"]
[WhiteElo "2251"]
[BlackElo "2418"]
[PlyCount "84"]
[EventDate "2013.06.22"]
[EventType "swiss"]
[EventRounds "9"]
[EventCountry "ESP"]
[Source "lmi"]
[SourceDate "2013.06.22"]

1. e4 c6 2. d4 d5 3. Nc3 dxe4 4. Nxe4 Bf5 5. Ng3 Bg6 6. h4 h6 7. Nf3 Nd7 8. h5
Bh7 9. Bd3 Bxd3 10. Qxd3 e6 11. Bd2 Ngf6 12. O-O-O Be7 13. Kb1 O-O 14. Ne4 Qc7
15. Nxf6+ Nxf6 16. Ne5 c5 17. Bf4 Nd5 18. Bc1 cxd4 19. Qxd4 Rfd8 20. Qe4 b5 21.
Rhe1 Bb4 22. Re2 Bf8 23. Rd3 Nf6 24. Qf3 Rxd3 25. Nxd3 Nd5 26. Nf4 Rd8 27. Nxd5
Rxd5 28. Rd2 Rxd2 29. Bxd2 Qd7 30. Be3 a5 31. Kc1 Qc8 32. Qe4 a4 33. a3 Be7 34.
g4 Qd7 35. Qa8+ Kh7 36. Qe4+ f5 37. Qg2 Bf6 38. gxf5 exf5 39. Qg6+ Kh8 40. Bxh6
Qd4 41. Qe8+ Kh7 42. Qg6+ Kh8 1/2-1/2

[Event "5. Aberto Internacional Carlos I"]
[Site "Sanxenxo ESP"]
[Date "2013.06.26"]
[Round "5.4"]
[White "Guerra Bastida, Diego"]
[Black "Iagar, Razvan-Gabriel"]
[Result "1-0"]
[WhiteElo "2374"]
[BlackElo "2190"]
[PlyCount "71"]
[EventDate "2013.06.22"]
[EventType "swiss"]
[EventRounds "9"]
[EventCountry "ESP"]
[Source "lmi"]
[SourceDate "2013.06.22"]

1. e4 e6 2. d4 d5 3. Nc3 Nf6 4. e5 Nfd7 5. f4 c5 6. Nf3 Nc6 7. Be3 a6 8. Qd2 b5
9. a3 Qb6 10. Ne2 b4 11. axb4 Qxb4 12. c3 Qb7 13. dxc5 Nxc5 14. Ned4 Nxd4 15.
Nxd4 Rb8 16. Ra2 Be7 17. Bd3 g6 18. Bc2 a5 19. Rxa5 Qxb2 20. O-O Bd7 21. Ra7
Qb6 22. Rfa1 Rb7 23. Rxb7 Qxb7 24. Rb1 Qc8 25. Nb5 O-O 26. Nd6 Qc6 27. Qd4 Na4
28. c4 Bxd6 29. exd6 Qxc4 30. Qxc4 dxc4 31. Rb7 Rd8 32. Bd4 Bc6 33. Rc7 Be8 34.
Bf6 Ra8 35. Bxa4 Bxa4 36. d7 1-0

[Event "5. Aberto Internacional Carlos I"]
[Site "Sanxenxo ESP"]
[Date "2013.06.26"]
[Round "5.5"]
[White "Abal Cores, Lucas"]
[Black "Garcia Castro, Pablo"]
[Result "0-1"]
[WhiteElo "2076"]
[BlackElo "2354"]
[PlyCount "100"]
[EventDate "2013.06.22"]
[EventType "swiss"]
[EventRounds "9"]
[EventCountry "ESP"]
[Source "lmi"]
[SourceDate "2013.06.22"]

1. e4 e5 2. Nf3 d6 3. Nc3 Nf6 4. Bc4 Be7 5. O-O O-O 6. d4 exd4 7. Nxd4 Re8 8.
f3 Nbd7 9. Nde2 c6 10. a4 d5 11. exd5 Nb6 12. Bb3 Nbxd5 13. Bxd5 Nxd5 14. Nxd5
Qxd5 15. Qxd5 cxd5 16. Rd1 Bc5+ 17. Kf1 b6 18. Nf4 Ba6+ 19. Nd3 Rac8 20. Re1
Be7 21. Bf4 Rxc2 22. Rad1 Kf8 23. Be5 f6 24. Bd4 Bc5 25. Bxc5+ bxc5 26. Rxe8+
Kxe8 27. Ke1 d4 28. b4 Bxd3 29. Rxd3 cxb4 30. Rxd4 b3 31. Kd1 Rxg2 32. Kc1 Rxh2
33. Rb4 Rc2+ 34. Kb1 Ra2 35. Rb7 Rxa4 36. Rxg7 a5 37. Rxh7 Ra2 38. Ra7 a4 39.
f4 Kd8 40. Rf7 Rf2 41. Rxf6 a3 42. Rd6+ Kc7 43. Rd1 Rxf4 44. Kc1 Rc4+ 45. Kb1
b2 46. Rh1 Kc6 47. Rh6+ Kc5 48. Rh1 Kb4 49. Ka2 Rc1 50. Rxc1 bxc1=B 0-1

[Event "5. Aberto Internacional Carlos I"]
[Site "Sanxenxo ESP"]
[Date "2013.06.26"]
[Round "5.6"]
[White "Yakunin, Alexey"]
[Black "Gomez Dieguez, David"]
[Result "1-0"]
[WhiteElo "2353"]
[BlackElo "2101"]
[PlyCount "63"]
[EventDate "2013.06.22"]
[EventType "swiss"]
[EventRounds "9"]
[EventCountry "ESP"]
[Source "lmi"]
[SourceDate "2013.06.22"]

1. d4 Nf6 2. c4 e5 3. dxe5 Ng4 4. Nf3 Bc5 5. e3 Nc6 6. Nc3 Ngxe5 7. Nxe5 Nxe5
8. Be2 O-O 9. O-O Re8 10. b3 a5 11. Na4 Bf8 12. f4 Nc6 13. Bf3 d6 14. e4 Qf6
15. Be3 Bf5 16. Qd3 Nb4 17. Qb1 b5 18. exf5 Rad8 19. Bf2 bxa4 20. a3 Na6 21. b4
Qc3 22. Rc1 Qd2 23. Rd1 Qxf4 24. Rd4 Qg5 25. Bb7 Nb8 26. bxa5 d5 27. Rxd5 Rxd5
28. Bxd5 Qd2 29. Qd1 Qc3 30. Bxf7+ Kxf7 31. Qd5+ Ke7 32. Bh4+ 1-0

[Event "5. Aberto Internacional Carlos I"]
[Site "Sanxenxo ESP"]
[Date "2013.06.26"]
[Round "5.7"]
[White "Medarde Santiago, Luis Marcos"]
[Black "Sanchez Aller, Fernando"]
[Result "0-1"]
[WhiteElo "2104"]
[BlackElo "2335"]
[PlyCount "114"]
[EventDate "2013.06.22"]
[EventType "swiss"]
[EventRounds "9"]
[EventCountry "ESP"]
[Source "lmi"]
[SourceDate "2013.06.22"]

1. e4 e5 2. Nf3 Nc6 3. Bb5 a6 4. Ba4 Nf6 5. O-O b5 6. Bb3 Bc5 7. Re1 d6 8. c3
Bb6 9. h3 Bb7 10. d3 O-O 11. Nbd2 Nh5 12. Nf1 Na5 13. Bc2 f5 14. b4 fxe4 15.
bxa5 exf3 16. axb6 Qh4 17. Be3 Nf4 18. Bxf4 Rxf4 19. Ng3 g6 20. Re4 fxg2 21.
Bb3+ Kh8 22. Kxg2 Raf8 23. f3 Bxe4 24. Nxe4 cxb6 25. Nd2 R4f5 26. Be6 Rg5+ 27.
Kh1 Rf6 28. Bc8 d5 29. Qf1 Qf4 30. Rd1 Rc6 31. Bb7 Rxc3 32. Bxd5 Rc2 33. Qf2
Rg3 34. Be6 a5 35. Qe2 a4 36. Qf2 Rc6 37. Bg4 Rc2 38. Qxb6 Rxg4 39. Qd8+ Kg7
40. Qe7+ Kg8 41. Qe8+ Qf8 42. Qe6+ Qf7 43. Qxg4 Qxa2 44. Qg5 Qe6 45. Qd8+ Kg7
46. Qh4 a3 47. d4 a2 48. d5 Qxd5 49. Qe7+ Qf7 50. Qxe5+ Qf6 51. Qxb5 Rxd2 52.
Rxd2 Qxf3+ 53. Rg2 a1=Q+ 54. Kh2 Qf4+ 55. Rg3 Qa2+ 56. Kh1 Qe4+ 57. Kg1 Qe1+
0-1